| 000 | 00718nam a2200241 i 4500 | ||
|---|---|---|---|
| 001 | C2-0312445 | ||
| 003 | PPAK | ||
| 005 | 20180728104200.0 | ||
| 008 | 111005s2009 my a|||| ||||| | may d | ||
| 020 | _a9789830683980 | ||
| 040 |
_aPPAK _beng _cPPAK _erda |
||
| 082 | 0 | 4 |
_a930 _223 |
| 090 | 0 | 0 |
_a930 _bWIL _dRK |
| 100 | 1 |
_aWilliams, Brian, _eauthor |
|
| 245 | 1 | 0 | _aEnsiklopedia soal & jawab sejarah dunia |
| 264 | 1 |
_aKuala Lumpur : _bInstitut Terjemahan Negara Malaysia , _c2009 |
|
| 300 |
_a40 pages : _bcolour illustrations ; _c29 cm |
||
| 336 |
_2rdacontent _atext |
||
| 337 |
_2rdamedia _aunmediated |
||
| 338 |
_2rdacarrier _avolume |
||
| 650 | 1 | 0 | _aHistory, Ancient - Juvenile literature. |
| 942 |
_ddc _cB |
||
| 999 |
_c114431 _d114431 |
||